Online Catalogue and eLibrary

Naatar samygal (Record no. 963)

MARC details
000 -LEADER
fixed length control field 00385nam a2200145Ia 4500
005 - DATE AND TIME OF LATEST TRANSACTION
control field 20250429073103.0
008 - FIXED-LENGTH DATA ELEMENTS--GENERAL INFORMATION
fixed length control field 240331s9999 xx 000 0 und d
082 ## - DDC Classification
Class No. 294
Item Number - Author Mark NAA
245 #0 - TITLE STATEMENT
Title Naatar samygal
260 ## - PUBLICATION, DISTRIBUTION, ETC.
Place of publication, distribution, etc. Kodampagam
Name of publisher, distributor, etc. Thannaanne Pathippagam
Date of publication, distribution, etc. 2002
300 ## - PHYSICAL DESCRIPTION
Extent (e.g. Volumes, Pages etc.) 158 p .,
500 ## - GENERAL NOTE
General note Naataar saamikal Thodarbana vivara katooraigal
700 ## - ADDED ENTRY--PERSONAL NAME
Personal name Arazuu.V.
Relator term (Role) Editor
942 ## - Koha item type (Biblio)
Koha item type Books in Stacks (Lending)
Holdings
Lost status Damaged status Collection code Home library Current library Shelving location Date acquired Full call number Accession Number Item type
    Lending WERC Library WERC Library Social Science Cupboard 03/31/2024 294 NAA 4969 Books in Stacks (Lending)

© WERC Library